000 00573nam a22002057a 4500
003 OSt
005 20260630085104.0
008 260630b ar ||||| |||| 00| | spa d
040 _aHCSPBA
041 _aspa
100 _aCastelar, Emilio
245 _aObras escogidas de D. Emilio Castelar.
_nTomo 10.
_pDiscursos parlamentarios en la Asamblea Constituyente, I
260 _aMadrid.
_bLibrería San Martín.
_c[19--].
300 _a v.
650 _aHISTORIA
650 _aPOLITICA CULTURAL
651 _aESPAÑA
690 _aIDEOLOGIAS POLITICAS
942 _cLIB
999 _c65171
_d134640